A siker és a személyiségtípusok kapcsolata

Bibliográfiai részletek
Szerző: Takács Lilla
További közreműködők: Sándorné Kriszt Dr. Éva
Fejér Dr. Noémi
Dokumentumtípus: Záródolgozat
Kulcsszavak:siker
személyiségtípus
statisztika
Online Access:http://dolgozattar.uni-bge.hu/22497

MARC

LEADER 00000nta a2200000 i 4500
001 dolg22497
005 20190516183437.0
008 190516suuuu hu o 000 hun d
040 |a BGE Dolgozattár Repozitórium  |b hun 
041 |a hu 
100 1 |a Takács Lilla 
245 1 2 |a A siker és a személyiségtípusok kapcsolata  |c Takács Lilla  |h [elektronikus dokumentum] 
516 |a Final_paper 
695 |a siker 
695 |a személyiségtípus 
695 |a statisztika 
700 1 |a Sándorné Kriszt Dr. Éva  |e ths 
700 1 |a Fejér Dr. Noémi  |e ths 
856 4 0 |u http://dolgozattar.uni-bge.hu/22497/2/Tak%C3%A1csLilla%2Cszakdolgozat.pdf  |z Dokumentum-elérés